000 00860nam a2200229Ii 4500
003 JO-AjNU
008 230605s9999||||xx |||||||||||||| ||und||
017 _a2010/23792
020 _a978-977-477-951
040 _aJO-AjNU
_bara
_erda
_cJO-AjNU
041 _aara
050 1 4 _aHF5415.2011
100 3 _aإلياس، طارق,
_eauthor
_943995
245 0 0 _aالتسويق التكتيكي:اسرار هيمنة الاسواق والسيطرة عليها
250 _aط1
264 3 1 _aالقاهرة:الشركة العربية المتحدة للتسويق والتوريدات؛2011
300 _a200ص
_bيحتوي على ملاحق من ص 143-196،ببلوغرافية من ص197-200
336 _atext
_btxt
_2rdacontent
337 _aunmediated
_bn
_2rdamedia
338 _avolume
_bnc
_2rdacarrier
650 4 _aادارة التسويق
_943996
999 _aA18958
_c22526
_d22526